Understanding economics : theory and application

Bibliographic Details
Main Authors: Jamaliah Taib (Author), Fatima Setapa (Author), Norizan Mohammad (Author)
Other Authors: Siti Badariah Saiful Nathan (auhtor)
Format: Book
Language:English
Published: Kuala Lumpur : McGraw-Hill (Malaysia 2012
Edition:Third edition
Subjects:

MARC

LEADER 00000cam a2200000 7i4500
001 0000028111
005 20241121.0
008 180914 my a eng
020 |a 9789675771477 
040 |a INS   |b eng   |e rda 
090 0 0 |a HB71   |b J36 2012 
100 0 |a Jamaliah Taib ,   |e author 
245 1 0 |a Understanding economics :   |b theory and application   |c Jamaliah Taib, Fatimah Setapa, Norizan Mohammad, Siti Badariah Saiful Nathan 
250 |a Third edition 
264 1 |a Kuala Lumpur :   |b McGraw-Hill (Malaysia   |c 2012 
264 4 |c ©2012 
300 |a xviii, 334 pages :   |b illustrations ;   |c 26 cm. 
336 |a text  |2 rdacontent 
337 |a unmediated  |2 rdamedia 
338 |a volume  |2 rdacarrier 
500 |a Includes index 
500 |a Includes question and exercise 
650 0 |a Economics   |x Methodology 
700 0 |a Fatima Setapa ,   |e author 
700 0 |a Norizan Mohammad ,   |e author 
700 0 |a Siti Badariah Saiful Nathan ,   |e auhtor 
999 |a 1000003583   |b BOOK   |c Open Shelf   |e Default branch